000 00283nam a2200109Ia 4500
008 171204s9999 xx 000 0 und d
245 2 _aA Web for Everyone:
245 _cSarah Horton
260 _c2014
650 _xWeb Design
856 _uhttp://down.ebook777.com/051/1933820977.pdf
999 _c346001
_d346001